000 00775nam a2200217 i 4500
001 113739
003 ES-MaACL
005 20230906190007.0
007 t|
008 061121s1932 sp a |||| |bspa d
080 _a929 Ripoll, Cayetano
100 1 _aNoguera López, Julio.
_985877
245 1 3 _aEl maestro de Ruzafa :
_bla última víctima de la Inquisición : intento de reconstrucción histórica /
_cpor Julio Noguera López ; ilustraciones de Mario Rivadulla.
260 _aValencia :
_bCuadernos de Cultura,
_c1932.
300 _a93 p. :
_bil. ;
_c19 cm.
599 _aRetr. de Cayetano Ripoll.
600 1 4 _aRipoll, Cayetano.
_997424
650 4 _aInquisición-
_zEspaña-
_yS.XIX.
_913800
700 1 _aRivadulla, Mario.
_997537
852 _aES-MaACL
_jF-14546
999 _c113739
_d113739